La danza contemporánea, un problema sin resolver (Record no. 33411)

MARC details
000 -LEADER
fixed length control field 00771nam a22002297a 4500
008 - FIXED-LENGTH DATA ELEMENTS--GENERAL INFORMATION
fixed length control field 121005t mx||||| |||| 00| 0 esp d
020 ## - INTERNATIONAL STANDARD BOOK NUMBER
International Standard Book Number 9687155841
050 04 - LIBRARY OF CONGRESS CALL NUMBER
Classification number GV1627
Item number V55 1995
100 1# - MAIN ENTRY--PERSONAL NAME
Personal name Villanueva, Eric
245 13 - TITLE STATEMENT
Title La danza contemporánea, un problema sin resolver
Remainder of title : integración dancística para grupos y bailarines de danza independientes /
Statement of responsibility, etc Eric Villanueva.
250 ## - EDITION STATEMENT
Edition statement 1a ed.
260 ## - PUBLICATION, DISTRIBUTION, ETC. (IMPRINT)
Place of publication, distribution, etc México :
Name of publisher, distributor, etc Kinetempo, Gaceta,
Date of publication, distribution, etc 1995
300 ## - PHYSICAL DESCRIPTION
Extent 239 p. ;
Dimensions 18 cm.
490 0# - SERIES STATEMENT
Series statement Escenología
490 0# - SERIES STATEMENT
Series statement Danza
Volume number/sequential designation no. 2
504 ## - BIBLIOGRAPHY, ETC. NOTE
Bibliography, etc Incluye bibliografia
650 #7 - SUBJECT ADDED ENTRY--TOPICAL TERM
Source of heading or term Lemb
Topical term or geographic name as entry element Danza
Geographic subdivision México
650 #7 - SUBJECT ADDED ENTRY--TOPICAL TERM
Source of heading or term Lemb
Topical term or geographic name as entry element Danza moderna
Geographic subdivision México
650 #7 - SUBJECT ADDED ENTRY--TOPICAL TERM
Source of heading or term Lemb
Topical term or geographic name as entry element Coreografías
Geographic subdivision México
651 27 - SUBJECT ADDED ENTRY--GEOGRAPHIC NAME
Source of heading or term Lemb
Geographic name México
General subdivision Danza
-- Asociaciones
942 ## - ADDED ENTRY ELEMENTS (KOHA)
Source of classification or shelving scheme Biblioteca del Cogreso de los Estados Unidos
Koha item type Libro
Holdings
Estado de pérdida Fuente de clasificación Estado del daño No para préstamo Ubicación permanente Ubicación actual Apartado o colección Fecha de adquisición Clasificación Código de Barras Date last seen Número de copia Tipo de recurso Fuente de adquisición Área del conocimiento
  Biblioteca del Cogreso de los Estados Unidos     Biblioteca de la Facultad de Bellas Artes Biblioteca de la Facultad de Bellas Artes General 05/10/2012 GV1627 V55 1995 BBA000001157 16/01/2015 C:1 Libro    
  Biblioteca del Cogreso de los Estados Unidos     Biblioteca de la Facultad de Bellas Artes Biblioteca de la Facultad de Bellas Artes General 11/11/2013 GV1627 V55 1995 BBA000003353 16/01/2015 2 Libro